000 00299nam a22001337a 4500
008 170711b xxu||||| |||| 00| 0 eng d
020 _a9780816048939
041 _aeng
080 _a030
100 _a23
101 _aENC
245 _aENCYCLOPEDIA PLAGUE PESTILENCE
_cKOHN.G
942 _2udc
_cBK
999 _c20223
_d20223